Záhudbí

Bibliographic Details
Main Author: Šrom, Karel, 1904-1981 (Author)
Format: Book
Language:Undetermined
Czech
PhysicalDescription:205 s. lit., fotogr. 16 cm
Published: Praha Státní hudební vydavatelství 1965
Edition:1. vyd.
Series:Hudba na každém kroku
Subjects:

MARC

LEADER 00000nam a2200000 a 4500
001 vtls001314287
003 SK-MaSNL
005 20260301155846.0
008 251029s1965 xx o 00000 und
035 |a SNK000266746 
040 |a SNK  |b slo  |c SNK  |e AACR2 
041 0 |a cze 
044 |a xr  |c CZ 
080 |a 78  |2 2001 
080 |a 78.071.1/.2  |2 2001 
080 |a (048.8)  |2 2001 
080 |a (047.6)  |2 2001 
100 1 |a Šrom, Karel,  |d 1904-1981  |4 aut  |9 100669 
245 1 |a Záhudbí  |c Karel Šrom 
250 |a 1. vyd. 
260 |a Praha  |b Státní hudební vydavatelství  |c 1965 
300 |a 205 s.  |b lit., fotogr.  |c 16 cm 
490 1 |a Hudba na každém kroku  |v 19 
500 |a Brožovaná 
504 |a Literatúra na s. 205 
650 0 7 |a hudba  |2 SNKPH  |9 1063 
650 0 7 |a hudobníci  |2 SNKPH  |9 3189 
655 7 |a úvahy  |2 SNKPH  |9 29403 
655 7 |a glosy  |2 SNKPH  |9 28645 
830 0 |a Hudba na každém kroku  |9 379565 
852 |a Štátna vedecká knižnica v Banskej Bystrici 
958 |a OND 
999 |c 803005  |d 804935 
952 |a SNK  |b SNK  |y NEVYP  |7 0  |p 17A0114455  |o snkID 38385 D1  |0 0  |1 1  |4 0  |d 1997-12-11  |l 0  |r 2005-01-02 00:00:00  |w 2026-02-24 
952 |t P60, <04>, [BOOK], {604}  |a SNK  |b SNK  |y VYP  |7 0  |p 17A0115722  |o snkID 38385  |0 0  |1 0  |4 0  |d 1997-12-17  |l 0  |r 2005-01-02 00:00:00  |w 2026-02-24